LEADER 01191nam a2200289 i 4500 001 991001978549707536 005 20020507154808.0 008 991021s1997 it ||| | ita 020 $a8814066426 035 $ab11591626-39ule_inst 035 $aLE02728412$9ExL 040 $aDip.to Studi Giuridici$bita 082 0 $a349.45 100 1 $aGrossi, Paolo$0145058 245 10$aGiuristi e legislatori :$bpensiero giuridico e innovazione legislativa nel processo di produzione del diritto :$batti dell'Incontro di studio, Firenze, 26-28 settembre 1996 /$ca cura di Paolo Grossi 260 $aMilano :$bA. Giuffré,$cc1997 300 $avii, 529 p. ;$c23 cm. 490 0 $aPer la storia del pensiero giuridico moderno ;$v50 500 $aTit. sul dorso.: Giuristi e legislatori 650 4$aDiritto$zItalia$y1946-1995$xCongressi 740 0 $aGiuristi e legislatori 907 $a.b11591626$b01-03-17$c02-07-02 912 $a991001978549707536 945 $aLE027 349.00 GRO01.01$g1$i2027000007608$lle027$o-$pE0.00$q-$rl$s- $t0$u4$v0$w4$x0$y.i11801761$z02-07-02 996 $aGiuristi e legislatori$9896453 997 $aUNISALENTO 998 $ale027$b01-01-99$cm$da $e-$fita$git $h0$i1